000 00905cam a22003011 4500
001 1691760
005 20251002152708.0
008 751204s1946 nyu 000 0 eng
010 _a 46006439
020 _a978-1406756722
035 _a1691760
040 _aDLC
_cWa
_dDLC
050 0 0 _aQA303
_b.T44 1946
082 0 0 _a517
_bTHO
100 1 _aThompson, James Edgar,
_d1892-
_9130810
245 0 0 _aCalculus for the practical man,
_cby J. E. Thompson ....
260 _aNew York,
_bD. Van Nostrand
_c[1946]
300 _axvi, 342 p.
_c20 cm.
336 _atext
_btxt
_2rdacontent
337 _aunmediated
_bn
_2rdamedia
338 _avolume
_bnc
_2rdacarrier
490 0 _aMathematics for self study
500 _aOn cover: 2d ed.
650 0 _aCalculus.
906 _a7
_bcbc
_corignew
_du
_eocip
_f19
_gy-gencatlg
942 _2ddc
_cBK
999 _c614982
_d614982